000 01119nam a22003377a 4500
003 CHAP
005 20220329133652.0
008 971013s1964 r 00010 d
010 _a9268
011 _a10240
035 _a9477
040 _cCHAP
082 _a370.9
_bA2
100 0 0 _aAbbagnano, Nicola.
_9154
245 _aHistoria de la pedagogía
260 _aMéxico, D.F. :
_bFondo de Cultura Económica,
_c1964
300 _a709 p.
500 _ac.3 reimpresión de 1975.
590 _aBATCH-UPD
_b10
_c20130110
_lUCH01
_h0112
590 _aBATCH-UPD
_b10
_c20130110
_lUCH01
_h1000
590 _aBATCH-UPD
_b10
_c20130410
_lUCH01
_h0612
590 _aBATCH-UPD
_b10
_c20130914
_lUCH01
_h1235
590 _aCONVERSION
_b10
_c20130109
_lUCH01
_h1306
650 1 4 _aEducación
_xHistoria.
_935450
700 0 _aVisalberghi, A.
_9119975
901 _aBK
942 _cLIBRO
949 _a370.9 A2
_bBC
_cLIBRO
_d33724000378402
_eLIBRO
_fc.3
_h40220
_i9477
_si
949 _a370.9 A2
_bBC
_cLIBRO
_d33724000689782
_eLIBRO
_fc.2
_h28347
_i9477
_si
_t90.00
949 _a370.9 A2
_bBC
_cLIBRO
_d33724002020660
_eLIBRO
_h28307
_i9477
_si
_t90.00
999 _c9268
_d9268